| 000 | 00519nam a2200205 4500 | ||
|---|---|---|---|
| 001 | 0007564 | ||
| 003 | DO-SdBNP | ||
| 005 | 20171102110433.0 | ||
| 007 | 0007564 | ||
| 008 | 160331b 19uu ||||| |||| 00| 0 spa d | ||
| 040 |
_aBPMSU _bspa _cBPMSU |
||
| 100 | _4Bach, Richard | ||
| 245 |
_a Ilusiones / _b _cRichard Bach |
||
| 260 |
_a[s.l : _bs.n., _c190-?] |
||
| 300 |
_a139 p. : _b _c21 cm. |
||
| 700 |
_a _e |
||
| 942 |
_2ddc _cBK |
||
| 945 | _aInventariado, 2017/MFF | ||
| 956 |
_2VMATEO _310 _620160331 _8BPMSU _a0069 |
||
| 999 |
_c9472 _d9472 |
||